000 00703nam a2200253Ia 4500
003 OSt
005 20220925212556.0
006 a|||||r|||| 00| 0
007 ta
008 220923b |||||||| |||| 00| 0 eng d
020 _a0043350496
037 _cGeneral Book
040 _aRTL
_cRTL
_beng
041 _2eng
_aeng
082 _aX:3M24xM18:g, M3
100 _aNove Alec
_9121975
245 0 _aEconomics of feasible socialism
260 _aLondon
_bAllen and Unwin
_c1983
300 _axi, 244p
_ccm.
500 _aAppendix p 231-40
650 _aEconomic Classics Karl Marx
_9233100
942 _hX:3M24xM18:g, M3
_cGB
_2CC
999 _c560674
_d560674